Matematičeskoje modelirovanije ijerarchičeskich sistem s priloženijami k biologii i ekonomike
Gespeichert in:
| 1. Verfasser: | |
|---|---|
| Weitere Verfasser: | |
| Format: | Buch |
| Sprache: | Russisch |
| Veröffentlicht: |
Moskva
Nauka
1983
|
| Tags: |
Keine Tags, Fügen Sie das erste Tag hinzu!
|
MARC
| LEADER | 00000nam a2200000 4500 | ||
|---|---|---|---|
| 001 | c115261 | ||
| 005 | 20181203150331.2 | ||
| 041 | 0 | |a rus | |
| 044 | |a RU | ||
| 245 | 1 | 0 | |a Matematičeskoje modelirovanije ijerarchičeskich sistem |b s priloženijami k biologii i ekonomike |c Michail Konstantinovič Černyšev, Marat Junisovič Gadžijev |
| 264 | 1 | |a Moskva |b Nauka |c 1983 | |
| 300 | |a 191 s. | ||
| 100 | 1 | |a Černyšev, Michail Konstantinovič | |
| 700 | 1 | |a Gadžijev, Marat Junisovič | |